Catálogo - Centro de Recursos para el Aprendizaje y la Investigación

Volver al Sitio - CRAI Biblioteca

Centenario del maestro Guillo Pérez : (Registro nro. 113486)

Detalles MARC
000 -CABECERA
campo de control de longitud fija 03523nam a2200313 4500
001 - NÚMERO DE CONTROL
campo de control 113486
003 - IDENTIFICADOR DEL NÚMERO DE CONTROL
campo de control DR-UNIBE
005 - FECHA Y HORA DE LA ÚLTIMA TRANSACCIÓN
campo de control 20250827062550.0
008 - DATOS DE LONGITUD FIJA--INFORMACIÓN GENERAL
campo de control de longitud fija 250424b2025 dr ||||| |||| 00| 0 spa d
020 ## - NÚMERO INTERNACIONAL ESTÁNDAR DEL LIBRO
Número Internacional Estándar del Libro 9789945251203
040 ## - FUENTE DE LA CATALOGACIÓN
Centro catalogador/agencia de origen BIBLIOTECA UNIBE
Centro/agencia transcriptor BIBLIOTECA UNIBE
Lengua de catalogación spa
Normas de descripción rda
041 ## - CÓDIGO DE LENGUA
Código de lengua del texto/banda sonora o título independiente spa
082 ## - NÚMERO DE LA CLASIFICACIÓN DECIMAL DEWEY
Número de edición 22
Número de clasificación R RD 923.75 G377c
100 10 - ENTRADA PRINCIPAL--NOMBRE DE PERSONA
Nombre de persona Gerón, Cándido,
Fechas asociadas al nombre 1950-
Forma completa/desarrollada del nombre (Araújo Gerón, Cándido)
9 (RLIN) 24252
Término indicativo de función/relación autor
-- cuidado de la edición
245 10 - MENCIÓN DE TÍTULO
Título Centenario del maestro Guillo Pérez :
Resto del título 1923-2023 /
Mención de responsabilidad, etc. Cándido Gerón ; cuidado de edición : Cándido Gerón ; diseño general : Alexander Araujo Batista ; imágenes históricas : Archivo General de la Nación
250 ## - MENCIÓN DE EDICIÓN
Mención de edición Primera edición
260 ## - PUBLICACIÓN, DISTRIBUCIÓN, ETC.
Lugar de publicación, distribución, etc. Santo Domingo :
Nombre del editor, distribuidor, etc. Archivo General de la Nación (AGN),
Fecha de publicación, distribución, etc. 2025
300 ## - DESCRIPCIÓN FÍSICA
Extensión 231 páginas :
Otras características físicas fotos a color ;
Dimensiones 30 x 22 cm
490 ## - MENCIÓN DE SERIE
Mención de serie Archivo General de la Nación ;
Designación de volumen o secuencia 526
500 ## - NOTA GENERAL
Nota general Información sobre el autor en las solapas. Portada: sin título,36 x 44 pulgadas, óleo sobre tela, colección José Luis Cartagena
505 ## - NOTA DE CONTENIDO CON FORMATO
Nota de contenido con formato Introducción |<br/>Todo lo que hay que saber del arte del maestro Guillo Pérez |<br/>Centenario del maestro Guillo Pérez : patrimonio histórico dominicano |<br/>Guillo Pérez sigue siendo el mejor colorista |<br/>Guillo Pérez y la poesía del color |<br/>Guillo Pérez y los sentimientos comunes |<br/>Guillo Pérez, el arte y la autenticidad |<br/>Permanencia de Guillo Pérez |<br/>Artículos.<br/>Informalismo total y espacialismo absoluto en la nueva obra abstracta de Guillo Pérez. Manuel Valldeperes 1964 |<br/>Guillo Pérez : imagen de su pintura. Francisco Comarazamy 1969 |<br/>Guillo Pérez presenta temas coloniales. María Ugarte 1970 |<br/>Guillo Pérez en busca de su color. Enrique de Marchena y Dujarric 1972 |<br/>Guillo Pérez atenúa su cromatismo en impresiones de tierra santa. Fernando Peña Defilló 1973 |<br/>La hermosa pintura de Guillo Pérez. Marianne de Tolentino 1973 |<br/>Una nueva etapa en la pintura de Guillo Pérez. Danilo Lassose 1974 |<br/>El buey, el ingenio, el picador, la caña : protagonistas de la nueva pintura de Guillo. Ángela Peña 1976 |<br/>Guillo Pérez incorpora la Sociología y la Pintura. Francisco Comarazamy 1976 |<br/>Guillo Pérez, un momento del arte nacional. Marianne de Tolentino 1976 |<br/>El gallo pasa a enriquecer la pintura de Guillo Pérez. Francisco Comarazamy 1980 |<br/>Los gallos de Guillo : tema con magníficos resultados pictóricos. Jeannette Miller 1980 |<br/>La máquina del tiempo en la vida y obra del maestro Guillo Pérez. Ángela Peña 1980 |<br/>Guillo Pérez, pintor de lo nacional y lo universal. Danilo Lassose 1980 |<br/>Guillo Pérez, el gran colorista dominicano. Danilo de los Santos 1990 |<br/>La potencialidad cromática y afectiva en la pintura del maestro Guillo Pérez. Cándido Gerón 1980 ┌<br/>Una nueva fórmula estética para la pintura latinoamericana. Abil Peralta 1991 |<br/>¡Oh pero si este Guillo Pérez es un Chaman aeda, cómplice telúrico o aurora!. Tony Raful 1992 |<br/>Guillo Pérez : pintor de la nacionalidad dominicana. Eduardo mercedes |<br/>Guillo Pérez : 50 años en el arte. Virginia Goris 1995 |<br/>Biografía, 223
600 #0 - PUNTO DE ACCESO ADICIONAL DE MATERIA--NOMBRE DE PERSONA
Nombre de persona
Subdivisión general Biografías
9 (RLIN) 194545
600 #7 - PUNTO DE ACCESO ADICIONAL DE MATERIA--NOMBRE DE PERSONA
Nombre de persona Perez, Guillo,
Fechas asociadas al nombre 1923 -2014
Forma completa/desarrollada del nombre (Pérez Chicón, Guillermo)
Subdivisión general Vida y obra
9 (RLIN) 50054
650 #7 - PUNTO DE ACCESO ADICIONAL DE MATERIA--TÉRMINO DE MATERIA
Fuente del encabezamiento o término lemb
Término de materia o nombre geográfico como elemento de entrada Pintores dominicanos
Subdivisión general Biografías
9 (RLIN) 194633
650 #7 - PUNTO DE ACCESO ADICIONAL DE MATERIA--TÉRMINO DE MATERIA
Fuente del encabezamiento o término lemb
Término de materia o nombre geográfico como elemento de entrada Artistas dominicanos
Subdivisión general Biografías
9 (RLIN) 194634
700 10 - PUNTO DE ACCESO ADICIONAL--NOMBRE DE PERSONA
Nombre de persona Araujo Batista, Alexander
9 (RLIN) 194544
Término indicativo de función/relación diseñador general
710 10 - PUNTO DE ACCESO ADICIONAL--NOMBRE DE ENTIDAD CORPORATIVA
Nombre de entidad corporativa o nombre de jurisdicción como elemento de entrada Archivo General de la Nación (AGN)
9 (RLIN) 8461
Término indicativo de función/relación imágenes históricas
942 ## - ELEMENTOS DE PUNTO DE ACCESO ADICIONAL (KOHA)
Fuente del sistema de clasificación o colocación Sistema de Clasificación Decimal Dewey
Tipo de ítem Koha Libro (general)
Existencias
Estado de retiro Estado de pérdida Fuente del sistema de clasificación o colocación No para préstamo Código de colección Localización permanente Fecha de adquisición Total de préstamos Signatura topográfica completa Código de barras Fecha visto por última vez Número de copia Precio válido a partir de Tipo de ítem Koha
  Disponible Sistema de Clasificación Decimal Dewey   General - Libros dominicanos Biblioteca Central UNIBE 28/04/2025   R RD 923.75 G377c 250470 24/04/2025 Ej. 1 24/04/2025 Libro (general)
  Disponible Sistema de Clasificación Decimal Dewey   General - Libros dominicanos Biblioteca Central UNIBE 28/04/2025   R RD 923.75 G377c 250471 24/04/2025 Ej. 2 24/04/2025 Libro (general)